<?xml version="1.0" encoding="UTF-8"?>
<record
    xmlns:xsi="http://www.w3.org/2001/XMLSchema-instance"
    xsi:schemaLocation="http://www.loc.gov/MARC21/slim http://www.loc.gov/standards/marcxml/schema/MARC21slim.xsd"
    xmlns="http://www.loc.gov/MARC21/slim">

  <leader>00687nam a22001937a 4500</leader>
  <datafield tag="999" ind1=" " ind2=" ">
    <subfield code="c">182966</subfield>
    <subfield code="d">182966</subfield>
  </datafield>
  <controlfield tag="005">20211213124407.0</controlfield>
  <datafield tag="010" ind1=" " ind2=" ">
    <subfield code="a">UR-11374</subfield>
  </datafield>
  <datafield tag="020" ind1=" " ind2=" ">
    <subfield code="c">500.00</subfield>
    <subfield code="a">-</subfield>
  </datafield>
  <datafield tag="035" ind1=" " ind2=" ">
    <subfield code="a">U-9929</subfield>
  </datafield>
  <datafield tag="037" ind1=" " ind2=" ">
    <subfield code="b">DBAD/PUB</subfield>
  </datafield>
  <datafield tag="082" ind1=" " ind2=" ">
    <subfield code="a">844.8</subfield>
  </datafield>
  <datafield tag="100" ind1=" " ind2=" ">
    <subfield code="a">&#x645;&#x631; &#x62A;&#x628;&#x6C1;: &#x645;&#x62D;&#x645;&#x62F; &#x646;&#x627; &#x635;&#x631; &#x633;&#x639;&#x64A;&#x62F; &#x627; &#x6A9;&#x631; &#x645;&#x6CC; </subfield>
  </datafield>
  <datafield tag="245" ind1=" " ind2=" ">
    <subfield code="a">&#x630; &#x6A9;&#x631; &#x627; &#x642;&#x628;&#x627; &#x644; </subfield>
    <subfield code="c">&#x645;&#x631; &#x62A;&#x628;&#x6C1;: &#x645;&#x62D;&#x645;&#x62F; &#x646;&#x627; &#x635;&#x631; &#x633;&#x639;&#x64A;&#x62F; &#x627; &#x6A9;&#x631; &#x645;&#x6CC; </subfield>
  </datafield>
  <datafield tag="246" ind1=" " ind2=" ">
    <subfield code="a">Zikr-e-Iqbal (Urdu)</subfield>
    <subfield code="b">by Mohd.Nasir Sayeed Akrami </subfield>
  </datafield>
  <datafield tag="260" ind1=" " ind2=" ">
    <subfield code="a">Karnatak </subfield>
    <subfield code="c">2021 &#x621;</subfield>
    <subfield code="b">Mahad Imam Hasan Ul Banna Bhatkal</subfield>
  </datafield>
  <datafield tag="270" ind1=" " ind2=" ">
    <subfield code="a">Madina Colony,Amenuddin Road,P.B:13 N.K. </subfield>
    <subfield code="b">Karnatak</subfield>
    <subfield code="e">581320 </subfield>
    <subfield code="l"> -</subfield>
  </datafield>
  <datafield tag="300" ind1=" " ind2=" ">
    <subfield code="a">544 &#x635; </subfield>
    <subfield code="c">22 Cm(Hb)</subfield>
  </datafield>
  <datafield tag="942" ind1=" " ind2=" ">
    <subfield code="2">ddc</subfield>
    <subfield code="c">UR</subfield>
    <subfield code="h">844.8</subfield>
    <subfield code="m">&#x627; &#x642; &#x628; </subfield>
  </datafield>
  <datafield tag="952" ind1=" " ind2=" ">
    <subfield code="0">0</subfield>
    <subfield code="1">0</subfield>
    <subfield code="4">0</subfield>
    <subfield code="7">1</subfield>
    <subfield code="8">NFIC</subfield>
    <subfield code="a">DBAD</subfield>
    <subfield code="b">L</subfield>
    <subfield code="d">2021-12-13</subfield>
    <subfield code="e">DBAD/PUB</subfield>
    <subfield code="g">500.00</subfield>
    <subfield code="l">0</subfield>
    <subfield code="o">844.8 &#x627; &#x642; &#x628;</subfield>
    <subfield code="p">U-9929</subfield>
    <subfield code="r">2021-12-13 00:00:00</subfield>
    <subfield code="t">1</subfield>
    <subfield code="v">500.00</subfield>
    <subfield code="w">2021-12-13</subfield>
    <subfield code="y">UR</subfield>
  </datafield>
</record>
